| 000 | 00675nam a2200229Ia 4500 | ||
|---|---|---|---|
| 003 | OSt | ||
| 005 | 20220923213615.0 | ||
| 006 | a|||||r|||| 00| 0 | ||
| 007 | ta | ||
| 008 | 220922b |||||||| |||| 00| 0 hin d | ||
| 024 | _a163,386 | ||
| 037 | _cTextual | ||
| 040 |
_aARTS _cARTS _bhin |
||
| 041 |
_2hin _ahin |
||
| 082 | _aO152:1N10:12, J2 | ||
| 100 | _aअश्क, उपेन्द्रनाथ | ||
| 245 | 0 | _aचांदनी रात और अजगर | |
| 246 | _aChāandanī rāt aur ajagara | ||
| 260 | _c1952 | ||
| 942 |
_hO152:1N10:12, J2 _cTEXL _2CC |
||
| 999 |
_c317866 _d317866 |
||